000 00847nam a2200277Ia 4500
003 OSt
005 20220918171255.0
006 a|||||r|||| 00| 0
007 ta
008 220917b |||||||| |||| 00| 0 eng d
020 _a9781446287620 (pbk)
_c2324.86
024 _a289,587
037 _b2531, 15/03/2016, Govinda Book House
_cTextual
040 _aARTS
_cARTS
_beng
041 _2eng
_aeng
082 _aS1, Q6
100 _aRose Janet
_935253
245 0 _aHealth and well being in early childhood
260 _aLos Angeles
_bAngles Sage UK
_c2016
300 _axii, 184p.
_ccm.
650 _aPSYCHOLOGY
700 _a Gilbert Louise
_935254
700 _a Richards Val
_935255
942 _hS1, Q6
_cTEXL
_2CC
999 _c138692
_d138692